• 首页
  • 本馆介绍
  • 公告通知
  • 最新文献
  • 馆藏检索
  • 电子资源
  • 读者导购
  • 参考咨询
  • 我的图书馆
  • 登录
  • 详细信息显示
  • 放入我的书架
  • 预约/预借图书
  • 作者相关作品
  • 分类相关作品
  • 丛书相关作品
  • 出版社相关作品

书目信息

  • 表格格式
  • 工作单格式
  • 卡片格式
题名:
室内空调器、机房空调机、汽车空调机—原理与维修
    
 
作者: 冯玉琪 编著
分册:  
出版信息: 北京   中国计量出版社  1987
页数: 264页
开本: 19cm
丛书名:
单 册:
中图分类: TU831.4
科图分类:
主题词: 空气调节设备
电子资源:
ISBN: 978-7-5026-0014-3
000 00915nam0 2200253 450
001 0188013018
005 20100712203222.0
010    @a978-7-5026-0014-3@dCNY2.30
020    @aCN@b88013401
091    @a15210.785
100    @a20030218d1987 em y0chiy0110 ea
101 0  @achi
102    @aCN@b110000
105    @aa z 000yy
106    @ar
200 1  @a室内空调器、机房空调机、汽车空调机—原理与维修@9Shi Nei Kong Diao;Tiao Qi 、 Ji Fang Kong Diao;Tiao Ji 、 Qi Che;Ju Kong Diao;Tiao Ji — Yuan Li Yu Wei Xiu @f冯玉琪编著
210    @a北京@c中国计量出版社@d1987
215    @a264页@c图@d19cm
330    @a本书共分10章,内容有:窗式空调器、分体式空调器、汽车空调机,电子计算机房空调机,恒温恒湿机、冷风机和除湿机等的故障分析、维修和调试技术等。
606 0  @a空气调节设备
690    @aTU831.4@v4
701  0 @a冯玉琪@9feng yu qi@4编著
801  0 @aCN@b91MARC@c20130904
905    @aBZT@dTU831.4@e3@f2@sTU831.4/3
    
    室内空调器、机房空调机、汽车空调机—原理与维修/冯玉琪编著.-北京:中国计量出版社,1987
    264页:图;19cm
    
    
    ISBN 978-7-5026-0014-3:CNY2.30
    本书共分10章,内容有:窗式空调器、分体式空调器、汽车空调机,电子计算机房空调机,恒温恒湿机、冷风机和除湿机等的故障分析、维修和调试技术等。
●
相关链接 在五车中查询图书 在当当中查询图书 在豆瓣中查询图书


正题名:室内空调器、机房空调机、汽车空调机—原理与维修     索取号:TU831.4/3         预约/预借

序号 登录号 条形码 馆藏地/架位号 状态 备注
1 2000109918   2000109918   旧书回溯/ [索取号:TU831.4/3] 在馆    
2 2000109919   2000109919   旧书回溯/ [索取号:TU831.4/3] 在馆    
山东省滨州职业学院图书馆 欢迎您!
大连网信软件有限公司© 版权所有